000
00312nam a2200145Ia 4500
008
200305s9999 xx 000 0 und d
082
_a
294.5436
082
_b
BHS
100
_a
BHARTI ANAND
245
_a
SHIV SANHITA
260
_a
VARANASHI
_b
CHAUKHAMBHA
300
_a
280
650
_a
YOGA
999
_c
39701
_d
39701
041
_a
hin